Island Countries - World Map Sudden Death - Statistics

General Stats
  • This quiz has been taken 648 times
    628 since last reset
  • The average score is 15 of 20
Answers on the Grid
Answers color-coded by a green-red scale on the quiz's grid according to % correct below.
 
Answer Stats
Answer % Correct
Iceland, Ireland
85%
82%
81%
Cape Verde
80%
80%
United Kingdom, Malta
79%
79%
Bahamas
78%
78%
United Kingdom, Ireland
77%
77%
Taiwan, Japan
76%
76%
74%
Sao Tome and Principe
69%
67%
Kiribati
65%
Kiribati
64%
Bahrain, Cyprus
51%
49%
No matching quizzes found
Score Distribution
Percent of People with Each Score
Percentile by Number Answered
Your Score History
You have not taken this quiz since the last reset